| 000 | 00842cam a22002532 4500 | ||
|---|---|---|---|
| 001 | 0000018728 | ||
| 005 | 20151217145907.0 | ||
| 008 | 100610s xx 000 0 eng d | ||
| 020 | _a1420081824 : | ||
| 040 |
_aKABU _cKABU |
||
| 245 | 1 | 0 |
_aGlobal warming, natural hazards, and emergency management / _c[edited by] Jane A. Bullock, George D. Haddow, Kim S. Haddow. |
| 250 | _a1st ed. | ||
| 260 |
_aLondon : _bCRC Press, _c2009. |
||
| 300 | _axvi, 282 p. | ||
| 650 | 0 |
_aGlobal warming. _@0000024308 |
|
| 650 | 0 |
_aNatural disasters. _@0000149725 |
|
| 650 | 0 |
_aEmergency management. _@0000155026 |
|
| 700 | 1 |
_aBullock, Jane A. _@0000178069 |
|
| 700 | 1 |
_aHaddow, George D. _@0000178070 |
|
| 700 | 1 |
_aHaddow, Kim S. _@0000178071 |
|
| 852 | 1 | _9p5200 KES | |
| 908 | _a100610 | ||
| 950 | _@1 | ||
| 999 |
_c3799 _d3799 |
||